عرض عادي
عرض مارك
- Broadband communication systems.
مدخل مصطلح موضوعي
001 - رقم الضبط
- حقل الضبط: 5745
003 - معرف رقم الضبط
- حقل الضبط: OSt
005 - تاريخ ووقت أخر عملية
- حقل الضبط: 20111027025443.0
008 - عناصر بيانات ثابتة الطول
- حقل تحكم ثابت الطول: 111027|||a|||||| | ||| d
040 ## - مصدر الفهرسة
- هيئة الفهرسة الأصلية: OSt
- وكالة الكتابة: OSt
150 ## - مدخل-- مصطلح تاريخي
- عنصر مدخل المصطلح الموضوعي او الاسم الجغرافي: Broadband communication systems.
670 ## - بيانات المصدر موجوده
- الاستشهاد بالمصدر: Work cat.: (OSt)526: Reid, Neil P. 5741, Broadband fixed wireless networks /, c2001.
